000 004010000a22001570004500
003 MACL
005 20160309163606.0
008 160309b xxu||||| |||| 00| 0 eng d
040 _aMACL
_cMACL
041 _aHindi
082 _a891.432
100 _aपंत सुमित्रानंदन
_938701
245 _aशिल्‍पी
650 _aDrama
_944286
942 _cHIN
_k891.432
_2ddc
999 _c23547
_d23547